000 00391nam a22001697a 4500
005 20160614095405.0
008 160614b xxu||||| |||| 00| 0 eng d
020 _a0-19-561367-8
041 _aeng
082 _b7316
100 _aArora, V. N. & Chandra, Lakshmi
_91831
245 _aImprove your writing
260 _bOxford
300 _a227
650 _aManagement
_9241
942 _cBK
999 _c2575
_d2574